000 00508nam a2200193Ia 4500
001 20979
005 20260306172845.0
008 260306t2024||||xx |||||||||||||| ||spa||
041 _aESP
082 _a343.811
_bG16G 2024
100 _aGálvez Ñañez, Ricardo,
_eAUT
110 _aEstudio Álvarez Pedroza
245 0 _aGuía de clasificadores presupuestarios año fiscal 2024
260 _c2024
300 _a511 páginas :
_c25 cm.
650 _aGEN
654 _aCCO
942 _cLIB
_dJUS
_fJUS
_2ddc
_n
999 _c20979
_d20979